000 01339nam a2200229Ia 4500
003 OSt
005 20241104153235.0
007 ca aa aaaaa
008 201103s9999 xx 000 0 und d
040 _cSSBUL
041 _abur
082 _223
_a၂၉၄.၃၄၄၃၅ ပ
_b၉၃၄၅ S-SAT
100 0 _aပဌမဓမ္မနာဒဆရာတော်ဘုရားကြီး။
_917418
245 1 0 _aဓါတ် ၆ ပါးသိမ်းဆည်းပုံကျမ်းနှင့်ဓမ္မသံဝေဂဂါထာလင်္ကာများ၊ အဓိပ္ပါယ်ရှင်းလင်းချက်များ /
_cပဌမဓမ္မနာဒဆရာတော်ဘုရားကြီး၊ မင်းကွန်းတိပိဋကဓရဆရာတော်။
260 _aမန္တလေး ၊
_bဒေါ်တင်ကြည်နှင့်သားများပုံနှိပ်တိုက်၊
_c၁၉၇၉။
300 _a၁၀၀ စာမျက်နှာ ၊
_c၁၈ စင်တီ။
500 _aS-SAT: Dr. Sai Aung Tun
650 _aဝိပဿနာ
650 _aဗုဒ္ဓဘာသာ
_xတရားတော်
_913507
700 _aမင်းကွန်းတိပိဋကဓရဆရာတော်
942 _2ddc
_cBK1
999 _c16853
_d16853